| 000 | 01277ncm a2200337 c 4500 | ||
|---|---|---|---|
| 003 | BLK | ||
| 005 | 20240827153336.0 | ||
| 008 | 180414b bul |a|er|||| |0| c|bulo| | ||
| 010 | _aNOT00004091000 | ||
| 040 | _aBLK | ||
| 041 |
_aBUL _cBUL |
||
| 080 |
_aКларинет. Етюди, гами, учебна литература _b788.6.087.5 _x _z788.6.087.5 |
||
| 100 | 1 |
_aКлозе, Хиацинт _eпърви автор _979827 |
|
| 700 |
_aРадев, Петко _d1933-2017 _qПетков, Петко Радев _9363227 |
||
| 139 |
_aКлозе, Хиацинт _bК 66 |
||
| 245 | 1 | 0 |
_aЛеки етюди _bЗа кларинет : Ч. 1- _cХиацинт Клозе; ред. Петко Радев. _nЧ. 1 |
| 257 | _aFRA | ||
| 260 |
_аСофия _bНаука и изкуство _c1968 - |
||
| 300 | _c31 см | ||
| 380 | _a7 | ||
| 650 | 4 |
_aКларинет - етюди, гами _9353811 |
|
| 653 | _aкларинети | ||
| 653 | _aетюди | ||
| 760 | 1 |
_aКлозе, Хиацинт _c28 с. _d1968 _h28 с. _tЧ. 1 |
|
| 852 |
_aЦб М ІІ 4457 _p0 |
||
| 856 | 4 |
_qpdf _u |
|
| 856 | 4 |
_qpdf _u |
|
| 942 |
_cNOT _n0 |
||
| 944 |
_aCR _c05.10.2017 _k30560 _lГеновева Генчева |
||
| 944 |
_aED _c05.10.2017 _kИрена_Линкова |
||
| 999 |
_c322013 _d322013 |
||